Normal view
MARC view
- MELAVER,MARTIN MUELLER PHYLLIS
Entry Personal Name
001 - CONTROL NUMBER
- control field: 90186
003 - CONTROL NUMBER IDENTIFIER
- control field: NUST
005 - DATE AND TIME OF LATEST TRANSACTION
- control field: 20220303134024.0
008 - FIXED-LENGTH DATA ELEMENTS
- fixed length control field: 220303|| aca||aabn | a|a d
040 ## - CATALOGING SOURCE
- Original cataloging agency: NUST
- Transcribing agency: NUST
100 ## - HEADING--PERSONAL NAME
- Personal name: MELAVER,MARTIN MUELLER PHYLLIS
670 ## - SOURCE DATA FOUND
- Source citation: Work cat.: (NUST): MELAVER,MARTIN MUELLER PHYLLIS., THE GREEN BUILDING BOTTOM LINE THE REAL COST OF SUSTAINABLE BUILDING /, 2009.
